000
00328nam a2200121Ia 4500
008
190722s9999 xx 000 0 und d
020
_a
978-81-224-33375-3
100
_a
A.K.Singh
245
0
_a
Foundation of Digital Electronics & logic Design
260
_a
New Delhi
_b
New Age international
_c
2012
300
_a
469
942
_c
BK
999
_c
994
_d
994